This country... (#2) - Statistics

General Stats
  • This quiz has been taken 20 times
  • The average score is 25 of 30
Answer Stats
This country... Answer % Correct
4) is over 2600 miles long butonly 217 miles wide Chile
100%
21) has the most skyscrapers China
100%
2) Owns the worlds largest island Denmark
100%
27) has the most wild tigers in the world India
100%
24) consumes the most pasta Italy
100%
16) is where tequila is exclusively made Mexico
100%
28) is most associated with vampire legends Romania
100%
15) has the worlds tallest building United Arab Emirates
100%
11) is the only country beginning with Y Yemen
100%
1) is a wealthy nation highin the Pyrenees Andorra
95%
19) has the most World Cup wins Brazil
95%
26) has the most tourists per year France
95%
23) consistently has the worlds lowest crime rate Iceland
95%
13) is an island nation south of Sicily Malta
95%
3) has thousands of deep fjords acrossits western coast Norway
95%
7) is referred to as the "teardrop of India" Sri Lanka
95%
8) has the most airports United States
95%
12) is the smallest nation in the world Vatican City
95%
20) has the most lakes on Earth Canada
89%
25) has the most Jewish people Israel
89%
6) is the worlds largest archipelagic nation Indonesia
84%
5) is the worlds coldest Russia
84%
30) has the most snowfall Japan
79%
14) has the tallest average height Netherlands
74%
10) has the most oil reserves Venezuela
74%
18) has the most elephants Botswana
63%
9) has the highest birthrate Niger
58%
22) has the worlds shortest people on average Timor Leste
21%
17) drinks the most tea worldwide Turkey
21%
29) has 100% of its energy from hydro power Paraguay
0%
No matching quizzes found
Score Distribution
Percent of People with Each Score
Percentile by Number Answered
Your Score History
You have not taken this quiz